000 00409nam a2200181Ia 4500
001 21195
005 20260306172901.0
008 260306t1968||||xx |||||||||||||| ||spa||
041 _aESP
082 _a344.2
_bE359
100 _aMagnus, Hans
_eAUT
245 0 _aPolítica y delito
260 _c1968
300 _a313 páginas :
_c18 cm.
650 _aGEN
654 _aCDE
942 _cLIB
_dJUS
_fJUS
_2ddc
_n
999 _c21195
_d21195